000
00247nam a2200097Ia 4500
001
652173
005
20250826154433.0
008
250824s9999 xx 000 0 und d
245
0
_a
Bilime Giriş Fırtına Avcıları
260
_b
TÜBİTAK YAYINLARI
999
_c
652173
_d
652173